Sports Quiz

Random Sports Quiz

Champions League: Top scorers for top 4 teams Quiz Stats

 Plays Quiz not verified by Sporcle

Challenge
Share
Tweet
Embed
Score 0/128 Timer 10:00
0 Plays Today
Year Player % Correct
2017/18Cristiano Ronaldo
100%
2015/16Cristiano Ronaldo
98%
2014/15Cristiano Ronaldo
97.7%
2016/17Cristiano Ronaldo
97.6%
2007/08Cristiano Ronaldo
97.6%
2008/09Cristiano Ronaldo
97.6%
2010/11Cristiano Ronaldo
97.6%
2011/12Cristiano Ronaldo
97.6%
2012/13Cristiano Ronaldo
97.6%
2013/14Cristiano Ronaldo
97.6%
2007/08Lionel Messi
96.1%
2008/09Lionel Messi
96.1%
2009/10Lionel Messi
96.1%
2010/11Lionel Messi
96.1%
2011/12Lionel Messi
96.1%
2012/13Lionel Messi
96.1%
2013/14Lionel Messi
96.1%
2014/15Lionel Messi
96%
1999/00Raúl
94.3%
2000/01Raúl
94.3%
2001/02Raúl
94.3%
2002/03Raúl
94.3%
2004/05Didier Drogba
94.3%
2006/07Didier Drogba
94.3%
2007/08Didier Drogba
94.3%
2008/09Didier Drogba
94.3%
2010/11Raúl
94.3%
2011/12Didier Drogba
94.3%
1997/98Thierry Henry
92.9%
2005/06Thierry Henry
92.9%
2006/07Wayne Rooney
92.7%
2008/09Wayne Rooney
92.7%
2010/11Wayne Rooney
92.7%
2015/16Robert Lewandowski
92.5%
2014/15Neymar
91.2%
2012/13Robert Lewandowski
90.5%
1998/99Andriy Shevchenko
89.7%
2004/05Andriy Shevchenko
89.7%
2005/06Andriy Shevchenko
89.7%
1998/99Filippo Inzaghi
89.2%
2002/03Filippo Inzaghi
89.2%
2015/16Antoine Griezmann
88.5%
2012/13Thomas Müller
88.4%
Year Player % Correct
2014/15Thomas Müller
88.4%
2017/18Edin Džeko
87.5%
2007/08Fernando Torres
87.4%
2013/14Fernando Torres
87.4%
2001/02Ruud van Nistelrooy
87%
2007/08Steven Gerrard
87%
2013/14Diego Costa
86.2%
2016/17Antoine Griezmann
85.5%
2016/17Gonzalo Higuaín
85.5%
1995/96Alessandro Del Piero
85%
1996/97Alessandro Del Piero
85%
1997/98Alessandro Del Piero
85%
2002/03Alessandro Del Piero
85%
2010/11Karim Benzema
84.8%
2006/07Kaká
83.4%
2014/15Carlos Tevez
82.5%
2005/06Ronaldinho
81.5%
2011/12Mario Gómez
81.3%
1998/99Dwight Yorke
80.7%
2016/17Kylian Mbappé
80.6%
1997/98Fernando Morientes
80.1%
2003/04Fernando Morientes
80.1%
2008/09Robin van Persie
79.3%
1999/00Rivaldo
78.5%
2009/10Diego Milito
78.1%
2001/02Patrick Kluivert
76.7%
2003/04Frank Lampard
75.3%
2017/18Mohamed Salah
75%
2017/18Robert Lewandowski
75%
2002/03Hernán Crespo
73.6%
2004/05Hernán Crespo
73.6%
2008/09Dimitar Berbatov
67.7%
2000/01Giovane Élber
65.1%
2017/18Roberto Firmino
62.5%
1994/95Jari Litmanen
62.1%
1995/96Jari Litmanen
62.1%
2015/16Kevin De Bruyne
60.3%
1992/93*Marco van Basten
60%
2001/02Michael Ballack
59.6%
2010/11Javier Hernández
56.2%
2004/05Luis García
56%
2008/09Emmanuel Adebayor
55.6%
1993/94Jean-Pierre Papin
51.7%
Year Player % Correct
1994/95George Weah
51.7%
2015/16Raheem Sterling
50.8%
1999/00Gaizka Mendieta
49.7%
2006/07Peter Crouch
49.1%
1996/97Éric Cantona
48.2%
1996/97Christian Vieri
47.9%
1999/00Claudio López
45.6%
2009/10Ivica Olić
45%
1996/97Karl-Heinz Riedle
44.6%
2005/06Juan Román Riquelme
44%
1998/99Stefan Effenberg
42.6%
1996/97Lars Ricken
41.4%
2006/07Louis Saha
39.8%
1992/93*Alen Bokšić
39.4%
1996/97Alen Bokšić
39.4%
2002/03Pavel Nedvěd
39.4%
2005/06Diego Forlán
39.4%
1994/95Mehmet Scholl
38.5%
1993/94Ronald Koeman
38.3%
2000/01Lee Bowyer
38.3%
2003/04Benni McCarthy
37.5%
1998/99Mario Basler
36.1%
1993/94Daniele Massaro
35.1%
1997/98Stéphane Chapuisat
34.3%
1997/98Davor Šuker
33.7%
1993/94Jürgen Klinsmann
31.2%
1994/95Marco Simone
30.6%
2004/05Philipp Cocu
29.6%
2003/04Walter Pandiani
28.6%
2000/01Juan Sánchez
24.1%
1999/00Paulo Sérgio
21.9%
1992/93*Franck Sauzée
20.5%
1996/97Nicola Amoruso
13.2%
1995/96Krzysztof Warzycha
13%
1995/96Nicolas Ouédec
8.5%
1994/95Christian Nerlinger
7.7%
2009/10Miralem Pjanić
7.5%
2004/05DaMarcus Beasley
6.9%
1996/97Dani
6.1%
1993/94Domingos Paciência
5.9%
1996/97Tijani Babangida
5.7%
2005/06Rodolfo Arruabarrena
5.5%

You're not logged in!

Compare scores with friends on all Sporcle quizzes.
Join for Free
OR
Log In

You Might Also Like...

Show Comments

Extras

Top Quizzes Today


Score Distribution

Your Account Isn't Verified!

In order to create a playlist on Sporcle, you need to verify the email address you used during registration. Go to your Sporcle Settings to finish the process.

Report this User

Report this user for behavior that violates our Community Guidelines.

Details: